[Event "GRE-chT 39th"]
[Site "Eretria"]
[Date "2011.07.08"]
[Round "7.15"]
[White "Stamatopoulos, Apostolos"]
[Black "Sigkounas, Alkis"]
[Result "1-0"]
[WhiteElo "1654"]
[BlackElo "1727"]
[PlyCount "93"]
[EventDate "2011.07.03"]
[EventType "team-swiss"]
[EventRounds "7"]
[EventCountry "GRE"]
[SourceTitle "CBM 143 Extra"]
[Source "ChessBase"]
[SourceDate "2011.08.29"]
[SourceVersion "1"]
[SourceVersionDate "2011.08.29"]
[SourceQuality "1"]
[WhiteTeam "Patron"]
[BlackTeam "Ioannina ACP"]
[WhiteTeamCountry "GRE"]
[BlackTeamCountry "GRE"]

1. e4 e6 2. d4 d5 3. Nc3 Nf6 4. Bg5 Be7 5. e5 Nfd7 6. Bxe7 Qxe7 7. Qg4 f5 8. Qh5+ g6 9. Qd1 a6 10. Nf3 c5 11. Qe2 Nc6 12. dxc5 Nxc5 13. Nd2 f4 14. 0-0-0 b5 15. g3 b4 16. Ncb1 fxg3 17. hxg3 Qg5 18. Rh4 Ne4 19. Bg2 Nd4 20. Qe1 Bb7 21. Bxe4 dxe4 22. Rf4 Rc8 23. c3 Rf8 24. Nxe4 Bxe4 25. Qxe4 Rxf4 26. gxf4 Qxf4+ 27. Qxf4 Ne2+ 28. Kc2 Nxf4 29. Rd6 h5 30. Nd2 bxc3 31. bxc3 Rc5 32. Rxa6 Rxe5 33. Ra4 Nh3 34. f3 Kf7 35. Rh4 Ng1 36. Rh1 Ne2 37. Rh2 Re3 38. c4 Nd4+ 39. Kb2 Nxf3 40. Rf2 g5 41. Rxf3+ Rxf3 42. Nxf3 g4 43. Nh4 Ke7 44. Kc3 Kd6 45. a4 Kc6 46. a5 Kb7 47. Kd4 1-0

[Event "GRE-chT 39th"]
[Site "Eretria"]
[Date "2011.07.07"]
[Round "6.16"]
[White "Mavromihalis, Konstantinos"]
[Black "Sigkounas, Alkis"]
[Result "0-1"]
[WhiteElo "1816"]
[BlackElo "1727"]
[PlyCount "72"]
[EventDate "2011.07.03"]
[EventType "team-swiss"]
[EventRounds "7"]
[EventCountry "GRE"]
[SourceTitle "CBM 143 Extra"]
[Source "ChessBase"]
[SourceDate "2011.08.29"]
[SourceVersion "1"]
[SourceVersionDate "2011.08.29"]
[SourceQuality "1"]
[WhiteTeam "Kalamata Chess Union"]
[BlackTeam "Ioannina ACP"]
[WhiteTeamCountry "GRE"]
[BlackTeamCountry "GRE"]

1. d4 Nf6 2. c4 e6 3. Nc3 Bb4 4. Bg5 h6 5. Bxf6 Qxf6 6. Nf3 c5 7. e3 Nc6 8. Be2 Bxc3+ 9. bxc3 d6 10. 0-0 e5 11. dxc5 dxc5 12. Qd5 Qe7 13. Rad1 Be6 14. Qe4 f5 15. Qb1 0-0 16. e4 f4 17. Rd2 Rad8 18. Rfd1 Rxd2 19. Rxd2 g5 20. g3 fxg3 21. fxg3 Qf7 22. Qf1 Qg6 23. Qb1 g4 24. Nh4 Qg5 25. Qc2 Qe3+ 26. Kh1 Rf2 27. Nf5 Bxf5 28. exf5 Kf7 29. f6 Kxf6 30. Rd6+ Ke7 31. Rd2 e4 32. Qd1 Ne5 33. Rd8 Nd3 34. Bxd3 Kxd8 35. Bf1+ Rd2 36. Qxg4 Qf3+ 0-1

[Event "GRE-chT 39th"]
[Site "Eretria"]
[Date "2011.07.04"]
[Round "2.10"]
[White "Sigkounas, Alkis"]
[Black "Sandalakis, Nikolaos"]
[Result "1-0"]
[WhiteElo "1727"]
[BlackElo "1925"]
[PlyCount "57"]
[EventDate "2011.07.03"]
[EventType "team-swiss"]
[EventRounds "7"]
[EventCountry "GRE"]
[SourceTitle "CBM 143 Extra"]
[Source "ChessBase"]
[SourceDate "2011.08.29"]
[SourceVersion "1"]
[SourceVersionDate "2011.08.29"]
[SourceQuality "1"]
[WhiteTeam "Ioannina ACP"]
[BlackTeam "Gazi Chess Academy"]
[WhiteTeamCountry "GRE"]
[BlackTeamCountry "GRE"]

1. d4 Nf6 2. c4 e6 3. Nc3 Bb4 4. a3 Bxc3+ 5. bxc3 b6 6. f3 Nc6 7. e4 Ba6 8. Bd3 Na5 9. Qe2 Nb3 10. Rb1 Nxc1 11. Rxc1 d6 12. f4 e5 13. fxe5 dxe5 14. Nf3 Nd7 15. 0-0 0-0 16. Ne1 Qg5 17. Nc2 Rae8 18. Ne3 exd4 19. cxd4 f5 20. Nd5 Bb7 21. Nxc7 fxe4 22. Nxe8 exd3 23. Qe6+ Kh8 24. d5 d2 25. Rcd1 Rg8 26. Qxd7 Qe3+ 27. Kh1 Rxe8 28. Qxb7 Qe2 29. Qf7 1-0

[Event "GRE-ch U14"]
[Site "Kallithea"]
[Date "2010.07.02"]
[Round "9"]
[White "Magklaras, Themistoklis Panayi"]
[Black "Sigkounas, Alkis"]
[Result "1/2-1/2"]
[WhiteElo "1574"]
[BlackElo "1722"]
[PlyCount "45"]
[EventDate "2010.06.26"]
[EventType "swiss"]
[EventRounds "9"]
[EventCountry "GRE"]
[SourceTitle "EXT 2011"]
[Source "ChessBase"]
[SourceDate "2010.11.26"]
[SourceVersion "1"]
[SourceVersionDate "2010.11.26"]
[SourceQuality "1"]

1. e4 e6 2. b3 d5 3. Bb2 Nf6 4. e5 Nfd7 5. Qg4 Nc6 6. f4 f5 7. Qg3 b6 8. Nf3 Bb7 9. Ng5 Qe7 10. Nxh7 0-0-0 11. Nxf8 Qxf8 12. d4 Ne7 13. Na3 g5 14. fxg5 f4 15. Qf2 Nf5 16. 0-0-0 Ng3 17. hxg3 Rxh1 18. gxf4 Qf5 19. Bd3 Rxd1+ 20. Kxd1 Qg4+ 21. Be2 Qf5 22. Bd3 Qg4+ 23. Be2 1/2-1/2

[Event "GRE-ch U14"]
[Site "Kallithea"]
[Date "2010.07.01"]
[Round "8"]
[White "Sigkounas, Alkis"]
[Black "Tetepoulidis, Ioannis"]
[Result "0-1"]
[WhiteElo "1722"]
[BlackElo "1555"]
[PlyCount "39"]
[EventDate "2010.06.26"]
[EventType "swiss"]
[EventRounds "9"]
[EventCountry "GRE"]
[SourceTitle "EXT 2011"]
[Source "ChessBase"]
[SourceDate "2010.11.26"]
[SourceVersion "1"]
[SourceVersionDate "2010.11.26"]
[SourceQuality "1"]

1. d4 Nf6 2. c4 c5 3. d5 b5 4. Qc2 bxc4 5. e4 d6 6. Bxc4 g6 7. Nf3 Bg7 8. 0-0 0-0 9. h3 Nbd7 10. a4 Rb8 11. Nc3 Ne8 12. Bf4 Nc7 13. Rfe1 Nb6 14. Ba2 Na6 15. a5 Nb4 16. Qd2 Nd7 17. e5 dxe5 18. d6 exd6 19. Qxd6 exf4 20. Qxb8 0-1

[Event "GRE-ch U14"]
[Site "Kallithea"]
[Date "2010.06.27"]
[Round "3"]
[White "Kotsalis, Evagelos"]
[Black "Sigkounas, Alkis"]
[Result "0-1"]
[WhiteElo "1551"]
[BlackElo "1722"]
[PlyCount "82"]
[EventDate "2010.06.26"]
[EventType "swiss"]
[EventRounds "9"]
[EventCountry "GRE"]
[SourceTitle "EXT 2011"]
[Source "ChessBase"]
[SourceDate "2010.11.26"]
[SourceVersion "1"]
[SourceVersionDate "2010.11.26"]
[SourceQuality "1"]

1. e4 e6 2. d3 d5 3. Nd2 c5 4. g3 Nc6 5. Bg2 Nf6 6. Ngf3 Qc7 7. 0-0 Be7 8. Re1 0-0 9. b3 a6 10. a4 Rb8 11. Bb2 b5 12. exd5 exd5 13. Ne5 Be6 14. Ndf3 c4 15. axb5 axb5 16. Nxc6 Qxc6 17. Ne5 Qc7 18. Rb1 Bb4 19. Re2 Bd6 20. f4 Qb6+ 21. Kh1 Ng4 22. Qe1 Bc5 23. Nxg4 Bxg4 24. Re5 f6 25. Rxd5 Rbe8 26. Qc3 Be6 27. Rh5 b4 28. Qd2 c3 29. Bxc3 bxc3 30. Qxc3 Bb4 31. Qb2 Qf2 32. Rf1 Qd2 33. Qb1 Bf7 34. Rb5 Bc3 35. b4 Re2 36. Rd1 Qe3 37. Rc5 Qf2 38. Rg1 Bd4 39. Ra5 Rfe8 40. Qf1 Qxg1+ 41. Qxg1 Bxg1 0-1